000 00583nam a2200193Ia 4500
003 GCL
008 140319s9999 xx 000 0 ara d
040 _aGCL /
_cGCL
082 0 4 _a250
_bم ا
100 1 _aمحمد احمد سراج
245 1 0 _aالاوراق التجارية فى الشريعة الاسلامية /
_cمحمد احمد سراج
700 1 _aحسين حامد حسان
300 _a159 ص
490 _aكتاب
_v0
650 0 4 _aالاسلام
650 0 4 _aالاقتصاد الاسلامى
650 0 4 _aالفقه الاسلامى
942 _2ddc
_cBK
999 _c42018
_d42018